تهذيب سير أعلام النبلاء / (Record no. 121185)
[ view plain ]
| 000 -LEADER | |
|---|---|
| fixed length control field | 00675nam a22001937a 4500 |
| 005 - DATE AND TIME OF LATEST TRANSACTION | |
| control field | 20251108174915.0 |
| 008 - FIXED-LENGTH DATA ELEMENTS--GENERAL INFORMATION | |
| fixed length control field | 250721s2010 xx 000 0 ara d |
| 082 14 - DEWEY DECIMAL CLASSIFICATION NUMBER | |
| Classification number | م/ 920.71565/ ذهب |
| 100 1# - MAIN ENTRY--PERSONAL NAME | |
| Personal name | الذهبي، شمس الدين أبو عبد الله محمد بن أحمد بن عثمان |
| Relator term | مؤلف |
| 245 10 - TITLE STATEMENT | |
| Title | تهذيب سير أعلام النبلاء / |
| 264 1# - PRODUCTION, PUBLICATION, DISTRIBUTION, MANUFACTURE, AND COPYRIGHT NOTICE | |
| Place of production, publication, distribution, manufacture | القاهره : |
| Name of producer, publisher, distributor, manufacturer | مكتبة جزيرة الورد، |
| Date of production, publication, distribution, manufacture, or copyright notice | 2010. |
| 300 ## - PHYSICAL DESCRIPTION | |
| Extent | 1199ص. |
| 650 17 - SUBJECT ADDED ENTRY--TOPICAL TERM | |
| Topical term or geographic name as entry element | التراجم |
| 650 17 - SUBJECT ADDED ENTRY--TOPICAL TERM | |
| Topical term or geographic name as entry element | الاعلام العرب |
| 650 17 - SUBJECT ADDED ENTRY--TOPICAL TERM | |
| Topical term or geographic name as entry element | التاريخ الإسلامي |
| 700 1# - ADDED ENTRY--PERSONAL NAME | |
| Personal name | بخيت، رجب محمود |
| 942 ## - ADDED ENTRY ELEMENTS (KOHA) | |
| Source of classification or shelving scheme | Dewey Decimal Classification |
| Koha item type | References |
| حالة السحب | حالة الفقدان | مصدر التصنيف | حالة التلف | غير قابل للإعارة | المكتبة الرئيسية | المكتبة الحالية | موقع الرف | تاريخ التزويد | الرقم المتسلسل | Total Checkouts | رقم الإستدعاء | الباركود | تاريخ آخر ظهور | تاريخ الفاتورة | نوع المادة (كوها) |
|---|---|---|---|---|---|---|---|---|---|---|---|---|---|---|---|
| Dewey Decimal Classification | Not For Loan | المكتبة المركزية | المكتبة المركزية | مراجع | 28/07/2025 | 1399966 | م/ 920.71565/ ذهب | PLD00160902 | 28/07/2025 | 28/07/2025 | References | ||||
| Dewey Decimal Classification | Not For Loan | مكتبة أم قصير والمقابلين العامة | مكتبة أم قصير والمقابلين العامة | مراجع | 29/10/2014 | [ 2639 ] | م/ 920.71565/ ذهب | PLD00356475 | 28/07/2025 | 29/10/2014 | References | ||||
| Dewey Decimal Classification | Not For Loan | مكتبة أم قصير والمقابلين العامة | مكتبة أم قصير والمقابلين العامة | مراجع | 29/10/2014 | [ 2628 ] | م/ 920.71565/ ذهب | PLD00356476 | 28/07/2025 | 29/10/2014 | References | ||||
| Dewey Decimal Classification | Not For Loan | مكتبة أم قصير والمقابلين العامة | مكتبة أم قصير والمقابلين العامة | مراجع | 29/10/2014 | [ 3627 ] | م/ 920.71565/ ذهب | PLD00356487 | 28/07/2025 | 29/10/2014 | References | ||||
| Dewey Decimal Classification | Not For Loan | مكتبة صويلح العامة | مكتبة صويلح العامة | مراجع | 16/09/2010 | 1399967 | م/ 920.71565/ ذهب | PLD00160958 | 28/07/2025 | 16/09/2010 | References | ||||
| Dewey Decimal Classification | Not For Loan | مكتبة وادي السير العامة | مكتبة وادي السير العامة | مراجع | 16/09/2010 | 1399968 | م/ 920.71565/ ذهب | PLD00160959 | 28/07/2025 | 16/09/2010 | References |